Filosofía para el fin de los tiempos: tecnología y apocalipsis
Gardado en:
| Autor Principal: | |
|---|---|
| Formato: | Libro |
| Idioma: | Lingua castelá |
| Publicado: |
Madrid
Akal
2000
|
| Edición: | 1a. ed |
| Series: | Nuestro Tiempo, 2
|
| Subjects: | |
| Tags: |
Engadir etiqueta
Sen Etiquetas, Sexa o primeiro en etiquetar este rexistro!
|
MARC
| LEADER | 00000cam a2200000 a 4500 | ||
|---|---|---|---|
| 001 | UCN7570 | ||
| 003 | CL-VaPUC | ||
| 008 | 011018e20000000SP |||||||||||||||||spa|d | ||
| 020 | |a 844601355X | ||
| 082 | 0 | 4 | |a 190 |b DUQ |2 21 |
| 100 | 0 | |a Duque, Félix |e author |9 245661 | |
| 245 | 1 | 0 | |a Filosofía para el fin de los tiempos: tecnología y apocalipsis |
| 250 | |a 1a. ed | ||
| 300 | |a 278 p | ||
| 942 | |c BK | ||
| 945 | |d 20011018 00:00:00 |a crobeson | ||
| 260 | |a Madrid |b Akal |c 2000 | ||
| 650 | 0 | |a Filosofía contemporánea |9 265372 | |
| 650 | 0 | |a Tecnología |9 256742 | |
| 650 | 7 | |a DESARROLLO TECNOLOGICO |2 CL-VaPUC |9 259800 | |
| 650 | 7 | |a TECNOLOGIA Y CIVILIZACION |2 CL-VaPUC |9 312103 | |
| 583 | |a last modification |c 20151111 10:23:24 |k Rodrigo Vera | ||
| 490 | 0 | |a Nuestro Tiempo, 2 | |
| 999 | |c 297813 |d 297811 | ||
| 952 | |0 0 |1 0 |4 0 |6 190_000000000000000_DUQ_2000 |7 0 |8 A |9 352821 |a BIBEDU |b BIBEDU |d 2019-11-21 |i 3753441 |o 190 DUQ 2000 |p 3753441 |r 2019-11-21 |w 2019-11-21 |y BK |k FIL | ||
| 952 | |0 0 |1 0 |3 erb |4 0 |6 190_000000000000000_DUQ_2000 |7 0 |8 A |9 352822 |a BIBEDU |b BIBEDU |i 5249848 |o 190 DUQ 2000 |p 5249848 |r 2019-11-21 |w 2019-11-21 |y BK |z Catalogado en:20151112 |k FIL | ||